Can You Name All Of Noah Kahan's Songs? - Statistics

General Stats
  • This quiz has been taken 145 times
  • The average score is 32 of 53
Answer Stats
Album Song % Correct
Stick Season (Forever) Stick Season
93%
Cape Elizabeth Maine
91%
Busyhead Busyhead
86%
Stick Season (Forever) All My Love
78%
Stick Season (Forever) Call Your Mom
78%
Busyhead Carlo's Song
78%
Stick Season (Forever) Forever
77%
Stick Season (Forever) Orange Juice
77%
Stick Season (Forever) Dial Drunk
76%
Stick Season (Forever) Everywhere, Everything
76%
Stick Season (Forever) Strawberry Wine
76%
Busyhead Mess
74%
Stick Season (Forever) Paul Revere
74%
Stick Season (Forever) The View Between Villages
74%
Stick Season (Forever) Halloween
73%
Stick Season (Forever) Northern Attitude
73%
Stick Season (Forever) She Calls Me Back
73%
Stick Season (Forever) Homesick
70%
Stick Season (Forever) You're Gonna Go Far
70%
Busyhead False Confidence
68%
Stick Season (Forever) No Complaints
66%
Stick Season (Forever) Still
65%
Cape Elizabeth Glue Myself shut
64%
Stick Season (Forever) Growing Sideways
64%
Stick Season (Forever) Your Needs, My Needs
64%
Stick Season (Forever) Come Over
63%
I Was / I Am Part of Me
63%
Cape Elizabeth Anyway
61%
I Was / I Am Godlight
61%
Busyhead Hurt Somebody
61%
Busyhead Young Blood
60%
Cape Elizabeth A Troubled Mind
59%
I Was / I Am Animal
58%
I Was / I Am Howling
58%
Busyhead Tidal
58%
I Was / I Am Fear Of Water
57%
Stick Season (Forever) New Perspective
57%
Cape Elizabeth Close Behind
56%
I Was / I Am Caves
55%
Busyhead Sink
55%
I Was / I Am Hollow
54%
I Was / I Am Bad Luck
50%
Busyhead Cynic
49%
Busyhead Save Me
49%
I Was / I Am Someone like You
45%
I Was / I Am Bury Me
44%
[-] Hallelujah
30%
[-] Hold It Down
30%
[-] Fine
29%
[-] Come Down
28%
[-] Sarah's Place
28%
[-] If We Were Vampires
27%
[-] Pride
24%
No matching quizzes found
Score Distribution
Percent of People with Each Score
Percentile by Number Answered
Your Score History
You have not taken this quiz